000 00544nam a2200181 i 4500
001 93554
003 ES-MaACL
005 20231227201228.0
007 t|
008 050413s1972 sp ||||1| spa d
100 1 _aLópez Anglada, Luis,
_d1919-2007
_973405
245 1 3 _aEl Duque de Rivas /
_cLuis López Anglada.
260 _aMadrid :
_bE.P.E.S.A.,
_c1972.
300 _a197 p. ;
_c17 cm.
600 1 4 _aRivas, Ángel de Saavedra,
_cDuque de,
_d1791-1865
_997550
852 _aES-MaACL
_jC-43893
_bR.82372
999 _c93554
_d93554